000 01044aam a2200289 i 4500
999 _c44928
_d44928
001 768714001
003 CO-MdFUSB
005 20190814154817.0
008 190802t1982 ec adbc| |||| 00| 0 spa d
020 _a[No incluye ISBN]
040 _bspa.
_aCO-MdFUSB
_cCO-MdFUSB
_dCO-MdFUSBC
_erda
041 _aspa
082 _220
_a200.89
_bR918
100 1 _aRueda, Marco Vinicio
_eautor
245 1 3 _aLa fiesta religiosa campesina :
_bAndes Ecuatorianos
_c/ Marco Vinicio Rueda
264 1 _aQuito, Ecuador : Universidad Católica
_bUniversidad católica,
_c[1982]
300 _a395 páginas
_c; 22 cm
336 _atexto
_btxt
_2rdacontent
337 _2rdamedia
_asin mediación
_bn
338 _2rdacarrier
_avolumen
_bnc
505 0 _aLa fiesta religiosa en la religiosidad campesina. -- descripción y análisis de la fiesta andina. -- análisis socio-económico de la fiesta religiosa andina.
563 _aRústico
650 1 7 _aReligiones
_9386
653 _aAndes ecuatoriano -- fiestas religiosas
942 _cBK
945 _aJTF-925